| 000 | 00366nam a2200145Ia 4500 | ||
|---|---|---|---|
| 005 | 20240424031132.0 | ||
| 008 | 240331s9999 xx 000 0 und d | ||
| 082 |
_bSTR _a331.4 |
||
| 100 | _aCCA_URM | ||
| 245 | 0 |
_aStruggling to survive : _bwomen workers in Asia |
|
| 260 |
_aHong Kong : _bCCA-URM office / _c1983 |
||
| 300 | _a162 p ., | ||
| 650 | _aWomen | ||
| 942 | _cL | ||
| 999 |
_c2729 _d2729 |
||